000 00715cam a2200229u 4500
001 000004673
005 20200929151459.0
008 840524s1966 fr 000 0 fre
010 _a72326115
040 _aDO-SdBNP
_cCarP
_dDLC
082 _a843.914
_bT864f
100 1 _aTroyat, Henri,
_d1911-2007.
_913620
240 0 1 _aSophie ou la fin des combats
245 1 0 _aEl fin de lucha / Henri Troyat ; versión española de Jaime Maestro.
260 _aBarcelona :
_bLuis de Caralt,
_c1966.
300 _a268 p. ;
_c20 cm.
440 0 _aGIGANTE
_94165
534 _aSophie ou la fin des combats
650 4 _aNovela francesa
_91075
650 4 _aLiteratura francesa
_91074
910 _aCatalogación por copia / LC
999 _c4479
_d4479